Learning Resource and Development

Running a bar for dummies (Record no. 3588)

MARC details
000 -LEADER
fixed length control field 00799nam a22002657a 4500
005 - DATE AND TIME OF LATEST TRANSACTION
control field 20230512221852.0
008 - FIXED-LENGTH DATA ELEMENTS--GENERAL INFORMATION
fixed length control field 180423t xxu||||| |||| 00| 0 eng d
020 ## - INTERNATIONAL STANDARD BOOK NUMBER
International Standard Book Number 9781118880722
040 ## - CATALOGING SOURCE
Transcribing agency CSPC
082 0# - DEWEY DECIMAL CLASSIFICATION NUMBER
Classification number 647.95068
Item number F699r
100 ## - MAIN ENTRY--PERSONAL NAME
Personal name Foley, Ray
Relator term author.
245 00 - TITLE STATEMENT
Title Running a bar for dummies
Statement of responsibility, etc. Ray Foley
250 ## - EDITION STATEMENT
Edition statement 2nd
Remainder of edition statement edition
260 ## - PUBLICATION, DISTRIBUTION, ETC.
Place of publication, distribution, etc. New Jersey :
Name of publisher, distributor, etc. John Wiley & Sons,
Date of publication, distribution, etc. 2014.
300 ## - PHYSICAL DESCRIPTION
Extent vi, 340 pages :
Dimensions 23 cm.
500 ## - GENERAL NOTE
General note Includes Index.
650 10 - SUBJECT ADDED ENTRY--TOPICAL TERM
Topical term or geographic name entry element Bars (Drinking establishments)
Form subdivision Management.
650 10 - SUBJECT ADDED ENTRY--TOPICAL TERM
Topical term or geographic name entry element Bars (Drinking establishments).
650 10 - SUBJECT ADDED ENTRY--TOPICAL TERM
Topical term or geographic name entry element Hospitality.
700 1# - ADDED ENTRY--PERSONAL NAME
Personal name Dismore, Heather
Relator term author.
940 ## - EQUIVALENCE OR CROSS-REFERENCE--UNIFORM TITLE [OBSOLETE] [CAN/MARC only]
Uniform title <a href="123">123</a>
942 ## - ADDED ENTRY ELEMENTS (KOHA)
Koha item type
-- CIR 647.95068 F699r 2014
Holdings
Withdrawn status Lost status Damaged status Not for loan Home library Current library Shelving location Date acquired Total Checkouts Full call number Barcode Date last seen Copy number Price effective from Koha item type
        Main Library Main Library Circulation Section 05/12/2023   CIR 647.95068 F699r 2014 016018 05/12/2023 1 05/12/2023 Books